LEADER 02582oam 2200625I 450 001 9910462840203321 005 20200520144314.0 010 $a1-283-94214-3 010 $a0-203-08293-1 010 $a1-136-18223-3 024 7 $a10.4324/9780203082935 035 $a(CKB)2670000000315498 035 $a(EBL)1108554 035 $a(OCoLC)823719215 035 $a(SSID)ssj0000804111 035 $a(PQKBManifestationID)12387645 035 $a(PQKBTitleCode)TC0000804111 035 $a(PQKBWorkID)10813744 035 $a(PQKB)11609481 035 $a(MiAaPQ)EBC1108554 035 $a(Au-PeEL)EBL1108554 035 $a(CaPaEBR)ebr10643535 035 $a(CaONFJC)MIL425464 035 $a(OCoLC)823832468 035 $a(EXLCZ)992670000000315498 100 $a20180706d2013 uy 0 101 0 $aeng 135 $aur|n|---||||| 181 $ctxt 182 $cc 183 $acr 200 00$aPerspectives on human-animal communication $einternatural communication /$fedited by Emily Plec 210 1$aNew York ;$aLondon :$cRoutledge,$d2013. 215 $a1 online resource (277 p.) 225 1 $aRoutledge studies in rhetoric and communication ;$v12 225 0$aRoutledge studies in rhetoric and communication ;$v12 300 $aDescription based upon print version of record. 311 $a1-138-92187-4 311 $a0-415-64005-9 320 $aIncludes bibliographical references and index. 327 $apt. I. Complicity -- pt. II. Implication -- pt. III. Coherence. 330 $aDespite its inherent interdisciplinarity, the Communication discipline has remained an almost entirely anthropocentric enterprise. This book represents early and prominent forays into the subject of human-animal communication from a Communication Studies perspective, an effort that brings a discipline too long defined by that fallacy of division, human or nonhuman, into conversation with animal studies, biosemiotics, and environmental communication, as well as other recent intellectual and activist movements for reconceptualizing relationships and interactions in the biosphere. This book is 410 0$aRoutledge Studies in Rhetoric and Communication 606 $aHuman-animal communication 608 $aElectronic books. 615 0$aHuman-animal communication. 676 $a591.3 701 $aPlec$b Emily$f1974-$0940363 801 0$bMiAaPQ 801 1$bMiAaPQ 801 2$bMiAaPQ 906 $aBOOK 912 $a9910462840203321 996 $aPerspectives on human-animal communication$92120655 997 $aUNINA